Vista normal Vista MARC

Entrada Personal Name

Número de registros utilizados en: 4

001 - CONTROL NUMBER

  • control field: 219

003 - CONTROL NUMBER IDENTIFIER

  • control field: OSt

005 - DATE AND TIME OF LATEST TRANSACTION

  • control field: 20230313155639.0

008 - FIXED-LENGTH DATA ELEMENTS

  • fixed length control field: 230313|| aca||aabn | a|a d

040 ## - CATALOGING SOURCE

  • Original cataloging agency: OSt
  • Transcribing agency: OSt

100 ## - HEADING--PERSONAL NAME

  • Personal name: Ramírez Bustos, Pedro Elías

670 ## - SOURCE DATA FOUND

  • Source citation: Work cat.: (OSt)0: Ramírez Bustos, Pedro Elías , Cultura política y cotidianidad electoral en el estado de Santander, (1857-1886)









Instituto Departamental de Cultura del Meta - Red Departamental de Bibliotecas Públicas del Meta.